Pobrelitiquería : (Registro nro. 31167)

Detalles MARC
000 -LEADER
fixed length control field 00830nam a22002297a 4500
003 - CONTROL NUMBER IDENTIFIER
control field OSt
005 - DATE AND TIME OF LATEST TRANSACTION
control field 20260406111732.0
008 - FIXED-LENGTH DATA ELEMENTS--GENERAL INFORMATION
fixed length control field 260406b |||||||| |||| 00| 0 eng d
020 ## - INTERNATIONAL STANDARD BOOK NUMBER
International Standard Book Number 9789588697109
037 ## - SOURCE OF ACQUISITION
Source of stock number/acquisition Donación
040 ## - CATALOGING SOURCE
Original cataloging agency CO-JMCR
Language of cataloging spa
Transcribing agency CO-JMCR
Modifying agency CO-JMCR
Description conventions rda
082 0# - DEWEY DECIMAL CLASSIFICATION NUMBER
Classification number 362.5987
Item number A71p
100 ## - MAIN ENTRY--PERSONAL NAME
Personal name Araujo Vélez, Dionisio Henrique ,
Relator term Autor
9 (RLIN) 44588
245 0# - TITLE STATEMENT
Title Pobrelitiquería :
Remainder of title el vicio que perpetúa la pobreza /
Statement of responsibility, etc. Dionisio Araújo Vélez
264 ## - PRODUCTION, PUBLICATION, DISTRIBUTION, MANUFACTURE, AND COPYRIGHT NOTICE
Place of production, publication, distribution, manufacture Bogotá :
Name of producer, publisher, distributor, manufacturer Editorial Carrera 7a,
300 ## - PHYSICAL DESCRIPTION
Extent 287 páginas :
Other physical details gráficos
Dimensions 21 cm.
504 ## - BIBLIOGRAPHY, ETC. NOTE
Bibliography, etc. note Incluye referencias bibliográficas (páginas 283-287)
650 #7 - SUBJECT ADDED ENTRY--TOPICAL TERM
Source of heading or term JMCR
Topical term or geographic name entry element Desigualdad social
Geographic subdivision Venezuela
9 (RLIN) 44589
650 #7 - SUBJECT ADDED ENTRY--TOPICAL TERM
Source of heading or term JMCR
Topical term or geographic name entry element Condiciones socioeconómicas
Geographic subdivision Venezuela
9 (RLIN) 44590
650 #7 - SUBJECT ADDED ENTRY--TOPICAL TERM
Source of heading or term JMCR
Topical term or geographic name entry element Pobreza
Geographic subdivision Venezuela
9 (RLIN) 44591
942 ## - ADDED ENTRY ELEMENTS (KOHA)
Source of classification or shelving scheme Dewey Decimal Classification
Koha item type Books
Existencias
Withdrawn status Lost status Source of classification or shelving scheme Damaged status Not for loan Collection code Home library Current library Shelving location Date acquired Source of acquisition Total Checkouts Full call number Barcode Date last seen Copy number Price effective from Koha item type
    Dewey Decimal Classification     Non-fiction Biblioteca Pública José María del Castillo y Rada Biblioteca Pública José María del Castillo y Rada Book Cart 04/06/2026 Donación   362.5987 A71p 201811989 04/06/2026 Ej.1 04/06/2026 Books